Thèâtre choisi

Guardado en:
Detalles Bibliográficos
Autor principal: Corneille, Pierre (Autor)
Formato: Libro
Lenguaje:francés
Publicado: Montreal Variétés 1945
Materias:
Etiquetas: Agregar Etiqueta
Sin Etiquetas, Sea el primero en etiquetar este registro!

MARC

LEADER 00000nam a2200000 a 4500
001 UCQ2852
003 CL-VaPUC
008 980731e19450000CN |||||||||||||||||fre|d
082 0 4 |a 842  |b COR  |2 21 
100 0 |a Corneille, Pierre  |e author  |9 318173 
245 1 0 |a Thèâtre choisi 
300 |a v 
942 |c BK 
945 |d 19980731 00:00:00  |a lriquelm 
260 |a Montreal  |b Variétés  |c 1945 
650 7 |a DRAMAS FRANCESES  |2 CL-VaPUC  |9 267189 
650 0 |a Literatura francesa  |9 266330 
583 |a last modification  |c 19980731 00:00:00  |k Rodrigo Vera 
999 |c 273613  |d 273611 
952 |0 0  |1 0  |4 0  |6 842_000000000000000_COR_1945  |7 0  |8 A  |9 309375  |a BIBEDU  |b BIBEDU  |d 2019-11-20  |h v.1  |i 1450298  |o 842 COR 1945  |p 1450298  |r 2019-11-20  |w 2019-11-20  |y BK  |k LIT 
952 |0 0  |1 0  |4 0  |6 842_000000000000000_COR_1945  |7 0  |8 A  |9 309376  |a BIBEDU  |b BIBEDU  |d 2019-11-20  |h v.2  |i 1467123  |o 842 COR 1945  |p 1467123  |r 2019-11-20  |w 2019-11-20  |y BK  |k LIT